[Event "Campeonato de Aragon por Equipos 2025 - "]
[Site "?"]
[Date "2025.03.15"]
[Round "8.10"]
[White "Lana Rodriguez, David"]
[Black "Moreno Gracia, Daniel"]
[Result "1-0"]
[WhiteElo "2352"]
[BlackElo "2277"]
[PlyCount "99"]
[GameId "2158178779103419"]
[EventDate "2025.01.25"]
[WhiteTeam "Jaque - Aramovil"]
[BlackTeam "Iberajedrez Mundo 64"]

1. e4 e5 2. Nf3 Nf6 3. Nc3 Nc6 4. d4 exd4 5. Nxd4 Bb4 6. Nxc6 bxc6 7. Bd3 d5 8. exd5 cxd5 9. O-O O-O 10. Bg5 c6 11. Qf3 Be7 12. h3 Be6 13. Ne2 c5 14. Ng3 Nd7 15. Bxe7 Qxe7 16. b3 Qf6 17. Qe3 Qe5 18. Qd2 Nf6 19. Rae1 Qc7 20. Re2 Rfe8 21. Rfe1 Bd7 22. Bf5 Rxe2 23. Rxe2 Re8 24. Rxe8+ Bxe8 25. Bg4 Bd7 26. Bf3 Be6 27. Nf1 g6 28. a3 Kg7 29. b4 d4 30. b5 Qb6 31. a4 c4 32. Qb4 a5 33. Qe1 Nd7 34. Bc6 c3 35. Ng3 Qc5 36. Bxd7 Bxd7 37. Qe4 Bf5 38. Nxf5+ gxf5 39. Qf4 Qb4 40. Qg5+ Kf8 41. Qxf5 Ke7 42. Qe5+ Kd7 43. Qd5+ Ke7 44. Qb7+ Ke6 45. Qc8+ Kf6 46. Qd8+ Kg6 47. b6 f6 48. Kh2 Kg5 49. Qd5+ Kg6 50. b7 1-0

[Event "Campeonato de Aragon por Equipos 2025 - "]
[Site "?"]
[Date "2025.03.15"]
[Round "8.11"]
[White "Villalba Embid, Marcos"]
[Black "Escartin Lacasa, Jose"]
[Result "0-1"]
[WhiteElo "2192"]
[BlackElo "2296"]
[PlyCount "79"]
[GameId "2158178779295932"]
[EventDate "2025.01.25"]
[WhiteTeam "Iberajedrez Mundo 64"]
[BlackTeam "Jaque - Aramovil"]

1. c4 c6 2. d4 d5 3. Nc3 Nf6 4. e3 e6 5. Nf3 Nbd7 6. Qc2 Bd6 7. g4 Nxg4 8. Rg1 Nxh2 9. Nxh2 Bxh2 10. Rxg7 Nf8 11. Rg2 Bd6 12. Bd2 Bd7 13. e4 Qc7 14. Bg5 Ng6 15. Bf6 Rf8 16. O-O-O Be7 17. Bxe7 Nxe7 18. e5 O-O-O 19. Rh2 c5 20. cxd5 exd5 21. Rxh7 Kb8 22. Qe2 cxd4 23. Rxd4 Nc6 24. Rxd5 Nb4 25. Rd6 Nxa2+ 26. Kd2 Be6 27. Qd3 Nb4 28. Qd4 Nc6 29. Qc5 b6 30. Qe3 Nxe5 31. Rxd8+ Rxd8+ 32. Kc1 Ng4 33. Qg3 Qxg3 34. fxg3 Ne3 35. Be2 Nf5 36. g4 Nd4 37. Bd1 b5 38. Ne2 Nb3+ 39. Bxb3 Bxb3 40. Nc3 0-1

[Event "Campeonato de Aragon por Equipos 2025 - "]
[Site "?"]
[Date "2025.03.15"]
[Round "8.12"]
[White "Ereza Vizcarra, Fernando"]
[Black "Garcia Acin, Pablo"]
[Result "1-0"]
[WhiteElo "2120"]
[BlackElo "2069"]
[PlyCount "102"]
[GameId "2158178779328701"]
[EventDate "2025.01.25"]
[WhiteTeam "Jaque - Aramovil"]
[BlackTeam "Iberajedrez Mundo 64"]

1. d4 Nf6 2. Nf3 e6 3. g3 b5 4. Bg2 Bb7 5. O-O c5 6. c3 Be7 7. Bg5 cxd4 8. cxd4 h6 9. Bxf6 Bxf6 10. Qd3 b4 11. Nbd2 Ba6 12. Qe3 d5 13. Nb3 Nd7 14. Rfc1 O-O 15. Qd2 Qb6 16. Nc5 Nxc5 17. dxc5 Qc7 18. Rc2 Rab8 19. Nd4 Bc4 20. b3 Bxe2 21. a3 a5 22. axb4 Rxb4 23. Ra4 Rxa4 24. bxa4 Bxd4 25. Qxd4 Bc4 26. Bf1 Bxf1 27. Kxf1 Rb8 28. Qf4 Qxf4 29. gxf4 Kf8 30. Ke2 Ke7 31. Ke3 Kd7 32. f5 Kc6 33. f3 Rb4 34. Rg2 Rxa4 35. Rxg7 exf5 36. Rxf7 Rh4 37. Rxf5 Rxh2 38. Kd4 Rd2+ 39. Kc3 Ra2 40. Rf8 Kxc5 41. f4 Ra3+ 42. Kd2 Kd4 43. f5 Rf3 44. Ke2 Rf4 45. f6 a4 46. Kd2 a3 47. Kc2 a2 48. Kb2 Rf2+ 49. Ka1 h5 50. f7 Kd3 51. Rd8 Rxf7 1-0

[Event "Campeonato de Aragon por Equipos 2025 - "]
[Site "?"]
[Date "2025.03.15"]
[Round "8.13"]
[White "Torcal Miguel, Oscar"]
[Black "Hinojar Basa, Alfonso"]
[Result "1/2-1/2"]
[WhiteElo "2115"]
[BlackElo "2197"]
[PlyCount "85"]
[GameId "2158178779422910"]
[EventDate "2025.01.25"]
[WhiteTeam "Helios"]
[BlackTeam "Marcos Frechin A"]

1. c4 e6 2. g3 d5 3. Bg2 Nf6 4. Nf3 Be7 5. O-O O-O 6. b3 c6 7. Bb2 b5 8. d3 Bb7 9. Nbd2 Qb6 10. Qc2 Nbd7 11. e4 Rfc8 12. e5 Ne8 13. h4 a5 14. a4 Nc7 15. Bc3 bxc4 16. bxc4 Na6 17. Rfb1 Nb4 18. Qd1 Qd8 19. Qe2 Ba6 20. Nb3 Nc5 21. Nxc5 Bxc5 22. Rd1 Rab8 23. h5 h6 24. Rac1 Qb6 25. g4 Be7 26. Bd4 c5 27. Be3 Qd8 28. Bf4 Qe8 29. g5 hxg5 30. Nxg5 Rd8 31. Qg4 dxc4 32. dxc4 Nd3 33. Ne4 Nxf4 34. Nf6+ Bxf6 35. exf6 Nxh5 36. Qxh5 Rxd1+ 37. Rxd1 Rd8 38. Rxd8 Qxd8 39. fxg7 Kxg7 40. Qxc5 Qd1+ 41. Kh2 Qd2 42. Qe5+ Kf8 43. Qb8+ 1/2-1/2

[Event "Campeonato de Aragon por Equipos 2025 - "]
[Site "?"]
[Date "2025.03.15"]
[Round "8.14"]
[White "Atares Buisan, Sergio"]
[Black "Cerrajeria Ruiz, Jesus Maria"]
[Result "0-1"]
[WhiteElo "2107"]
[BlackElo "2072"]
[PlyCount "134"]
[GameId "2158178779480255"]
[EventDate "2025.01.25"]
[WhiteTeam "Marcos Frechin A"]
[BlackTeam "Helios"]

1. e4 c5 2. Nf3 a6 3. d4 cxd4 4. Nxd4 Nf6 5. Nc3 e5 6. Nf3 Nc6 7. Bg5 Bb4 8. Bd3 h6 9. Bxf6 Qxf6 10. O-O Bxc3 11. bxc3 d6 12. Nd2 O-O 13. Nc4 b5 14. Nb6 Rb8 15. Nd5 Qd8 16. Qh5 Be6 17. f4 exf4 18. Nxf4 Ne5 19. h3 Qc7 20. Kh1 Qxc3 21. Rae1 Qc5 22. Qh4 Bxa2 23. Qg3 Nxd3 24. Nxd3 Qc3 25. Re3 Bc4 26. Rf4 Rbe8 27. Nf2 Qa1+ 28. Kh2 Re6 29. Ra3 Qe1 30. Rxa6 Rg6 31. Rg4 Rxg4 32. hxg4 Rd8 33. Qh4 f6 34. Qg3 Rd7 35. Qf4 Kf7 36. Qf5 Be6 37. Qh5+ Ke7 38. Ra8 Rd8 39. Ra7+ Rd7 40. Ra8 Bf7 41. Qf5 g6 42. Qf4 Be6 43. Qxh6 Bf7 44. Nd3 Qxe4 45. Qf8+ Ke6 46. Ra1 Kd5 47. Qa8+ Kd4 48. Qh8 Bd5 49. Qxf6+ Kc4 50. Qf2 Rh7+ 51. Kg1 Qd4 52. Qxd4+ Kxd4 53. Rd1 Kc3 54. Ne1 Re7 55. Kf2 Bc4 56. g5 Re2+ 57. Kg3 d5 58. Ra1 Kb2 59. Rd1 Rxc2 60. Nf3 Kc3 61. Ne5 b4 62. Nxg6 b3 63. Ne5 b2 64. Rb1 Ba2 65. g6 Bxb1 66. g7 Rxg2+ 67. Kxg2 Bh7 0-1

[Event "Campeonato de Aragon por Equipos 2025 - "]
[Site "?"]
[Date "2025.03.15"]
[Round "8.15"]
[White "Lorente Melcon, Hector"]
[Black "Perez Tomas, Juan Manuel"]
[Result "1-0"]
[WhiteElo "1946"]
[BlackElo "1959"]
[PlyCount "83"]
[GameId "2158178779525312"]
[EventDate "2025.01.25"]
[WhiteTeam "Helios"]
[BlackTeam "Marcos Frechin A"]

1. e4 c5 2. Nc3 Nc6 3. Bb5 Nd4 4. Bc4 g6 5. Nf3 Bg7 6. Nxd4 cxd4 7. Qf3 e6 8. Nb5 Qb6 9. Qf4 Ke7 10. Nc7 Rb8 11. Nxe6 fxe6 12. Qxb8 Qc5 13. b3 Nf6 14. a4 d6 15. Ba3 Qc6 16. Qxd6+ Qxd6 17. e5 Qxa3 18. exf6+ Bxf6 19. Rxa3 Bd7 20. O-O Bg5 21. f4 Bh6 22. Raa1 Rf8 23. g3 g5 24. fxg5 Bxg5 25. Rxf8 Kxf8 26. Rf1+ Ke7 27. Rf2 a6 28. h4 Bf6 29. Kg2 e5 30. Kf3 Bc6+ 31. Kg4 e4 32. Re2 Be5 33. Bg8 h5+ 34. Kh3 Bd6 35. Bh7 e3 36. c3 Bf3 37. Re1 e2 38. Bd3 dxc3 39. dxc3 Bg4+ 40. Kg2 Be5 41. Bxe2 Bxc3 42. Rc1 1-0

[Event "Campeonato de Aragon por Equipos 2025 - "]
[Site "?"]
[Date "2025.03.15"]
[Round "8.16"]
[White "Moya Gimeno, Raul"]
[Black "Moreno Burillo, Maria"]
[Result "1-0"]
[WhiteElo "1958"]
[BlackElo "1868"]
[PlyCount "65"]
[GameId "2158178779562177"]
[EventDate "2025.01.25"]
[WhiteTeam "Marcos Frechin A"]
[BlackTeam "Helios"]

1. e4 c5 2. Nf3 Nc6 3. d4 cxd4 4. Nxd4 g6 5. c4 Bg7 6. Be3 Nf6 7. Nc3 Ng4 8. Qxg4 Nxd4 9. Qd1 Ne6 10. Qd2 Qa5 11. Rc1 b6 12. b3 Bb7 13. Nd5 Qxd2+ 14. Kxd2 Rc8 15. f3 Nd8 16. Bg5 f6 17. Bf4 Ne6 18. Be3 Nd8 19. h4 e6 20. Nc3 Bc6 21. Bd3 f5 22. Nb5 Bxb5 23. cxb5 Rxc1 24. Rxc1 Be5 25. f4 Bf6 26. Rc7 e5 27. Rxa7 exf4 28. Bxb6 fxe4 29. Bxe4 O-O 30. Rxd7 Re8 31. Bd5+ Kh8 32. a4 Bg7 33. Rxd8 1-0

[Event "Campeonato de Aragon por Equipos 2025 - "]
[Site "?"]
[Date "2025.03.15"]
[Round "8.17"]
[White "Van Ojik, Mark"]
[Black "Romero Pallares, Daniel"]
[Result "0-1"]
[WhiteElo "2257"]
[BlackElo "2252"]
[PlyCount "56"]
[GameId "2158178779599042"]
[EventDate "2025.01.25"]
[WhiteTeam "ONCE CA Aragon Delicias"]
[BlackTeam "Palacio De Pioneros"]

1. e4 c6 2. d4 d5 3. e5 Bf5 4. c3 e6 5. Be3 Nd7 6. Nd2 Ne7 7. Ne2 c5 8. f4 Qb6 9. dxc5 Qxb2 10. Qc1 Qxc1+ 11. Rxc1 Nc6 12. Nb3 Bd3 13. Kd2 Bc4 14. Ned4 Bxf1 15. Rhxf1 Nxc5 16. Nxc5 Bxc5 17. Nxc6 Bxe3+ 18. Kxe3 bxc6 19. Kd4 Kd7 20. Kc5 Rhb8 21. Rb1 Rb6 22. Rb3 Rab8 23. Ra3 R8b7 24. Rf2 Rb1 25. Rd2 Kc7 26. g3 R7b5+ 27. Kd4 Kb6 28. Kd3 R5b2 0-1

[Event "Campeonato de Aragon por Equipos 2025 - "]
[Site "?"]
[Date "2025.03.15"]
[Round "8.18"]
[White "Dan, Teodor"]
[Black "Llanes Luno, Ricardo"]
[Result "0-1"]
[WhiteElo "2068"]
[BlackElo "2170"]
[PlyCount "76"]
[GameId "2158178779635907"]
[EventDate "2025.01.25"]
[WhiteTeam "Palacio De Pioneros"]
[BlackTeam "ONCE CA Aragon Delicias"]

1. d4 c5 2. d5 e5 3. e4 d6 4. c4 Be7 5. Nf3 Bg4 6. Qb3 Qc8 7. Be2 Nf6 8. Nc3 O-O 9. O-O Na6 10. Be3 Nc7 11. h3 Bxf3 12. Bxf3 a6 13. Be2 b5 14. cxb5 axb5 15. Bxb5 Rb8 16. a4 Nh5 17. Qc2 Nf4 18. Rfe1 f5 19. exf5 Rxf5 20. Bxf4 Rxf4 21. g3 Rd4 22. Kh2 Kh8 23. Bc6 Na6 24. Nb5 Nb4 25. Qe2 Qf5 26. Rf1 Re4 27. Qd2 Rf8 28. Nc3 Bg5 29. Bd7 Qg6 30. Qd1 Rd4 31. Qb1 Nc2 32. Bg4 Rd2 33. Kg1 h5 34. Bd1 Be3 35. Ne2 Rxe2 36. Bxe2 Qxg3+ 37. Kh1 Qxh3+ 38. Kg1 Bf4 0-1

[Event "Campeonato de Aragon por Equipos 2025 - "]
[Site "?"]
[Date "2025.03.15"]
[Round "8.19"]
[White "Gavin Roche, Enrique"]
[Black "Iglesias Fernandez, Luis"]
[Result "1-0"]
[WhiteElo "2145"]
[BlackElo "1858"]
[PlyCount "33"]
[GameId "2158178779676868"]
[EventDate "2025.01.25"]
[WhiteTeam "ONCE CA Aragon Delicias"]
[BlackTeam "Palacio De Pioneros"]

1. d4 e6 2. c4 Nf6 3. Nc3 d5 4. cxd5 exd5 5. Bg5 Be7 6. e3 c6 7. Qc2 O-O 8. Bd3 h6 9. Bh4 Re8 10. Nf3 Ne4 11. Bxe7 Qxe7 12. O-O Nd7 13. Rab1 Ndf6 14. Ne5 Nd7 15. f4 Nxc3 16. bxc3 f6 17. Bh7+ 1-0

[Event "Campeonato de Aragon por Equipos 2025 - "]
[Site "?"]
[Date "2025.03.15"]
[Round "8.20"]
[White "Ramo Frontinan, Cristobal"]
[Black "Del Rey, Diego"]
[Result "1/2-1/2"]
[WhiteElo "2293"]
[BlackElo "2275"]
[PlyCount "20"]
[GameId "2158178779713733"]
[EventDate "2025.01.25"]
[WhiteTeam "Maristas"]
[BlackTeam "El Olivar"]

1. Nf3 d5 2. d4 Bf5 3. c4 e6 4. Nc3 Nc6 5. cxd5 exd5 6. Qb3 Nb4 7. e4 dxe4 8. Ne5 Be6 9. Bc4 Bxc4 10. Qxc4 Nd3+ 1/2-1/2

[Event "Campeonato de Aragon por Equipos 2025 - "]
[Site "?"]
[Date "2025.03.15"]
[Round "8.21"]
[White "Galstyan, David"]
[Black "Naya Sancho, Jose Ignacio"]
[Result "1/2-1/2"]
[WhiteElo "2279"]
[BlackElo "2076"]
[PlyCount "129"]
[GameId "2158178779807942"]
[EventDate "2025.01.25"]
[WhiteTeam "El Olivar"]
[BlackTeam "Maristas"]

1. e4 c6 2. Nf3 d5 3. Nc3 dxe4 4. Nxe4 Nf6 5. Qe2 Nxe4 6. Qxe4 Nd7 7. Bc4 Nf6 8. Ne5 e6 9. Qe2 Be7 10. O-O O-O 11. b3 Qd4 12. c3 Qe4 13. Qxe4 Nxe4 14. Re1 Nf6 15. d4 Nd5 16. Bb2 Rd8 17. Rad1 Bd7 18. Be2 Be8 19. Bf3 a5 20. c4 Nb4 21. a3 Nc2 22. Re2 Nxa3 23. Ra1 a4 24. Bxa3 axb3 25. Bb2 Rxa1+ 26. Bxa1 Bc5 27. Rd2 f6 28. Nd3 Bxd4 29. Nc5 e5 30. Nxb3 Bf7 31. Nxd4 exd4 32. c5 d3 33. Be4 Re8 34. f3 f5 35. Bxd3 Re1+ 36. Kf2 Rxa1 37. Bxf5 Bd5 38. Ke3 Rc1 39. Rc2 Rb1 40. Kf4 g6 41. Bd7 Kf7 42. h4 Rb4+ 43. Kg3 Ke7 44. Bg4 Rc4 45. Rxc4 Bxc4 46. Bc8 Ba6 47. Kf4 Kd8 48. Be6 Bd3 49. Kg5 Ke7 50. Bc8 h5 51. f4 Kd8 52. Bxb7 Kc7 53. Ba8 Bf5 54. Kf6 Be4 55. g3 Bf5 56. Kg5 Be4 57. Kf6 Bd3 58. Ke5 Bf5 59. Kf6 Bc2 60. Kg7 Be4 61. Kh6 Bf5 62. Kh7 Be4 63. Kg7 Bf5 64. Kf7 Be4 65. Kf6 1/2-1/2

[Event "Campeonato de Aragon por Equipos 2025 - "]
[Site "?"]
[Date "2025.03.15"]
[Round "8.22"]
[White "Campo Millan, Diego"]
[Black "Miranda Herrera, Miguel"]
[Result "0-1"]
[WhiteElo "2060"]
[BlackElo "2160"]
[PlyCount "108"]
[GameId "2158178779840711"]
[EventDate "2025.01.25"]
[WhiteTeam "Maristas"]
[BlackTeam "El Olivar"]

1. Nf3 f5 2. b3 d6 3. d4 Nf6 4. e3 g6 5. Bb2 Bg7 6. Be2 O-O 7. O-O e6 8. c4 Qe7 9. Qc2 b6 10. Rd1 Nbd7 11. Nc3 Bb7 12. Rac1 Ne4 13. Ne1 Qh4 14. Bf1 a6 15. d5 Nxc3 16. Bxc3 Bxc3 17. Qxc3 e5 18. b4 a5 19. a3 f4 20. exf4 Qxf4 21. Qg3 Qxg3 22. hxg3 axb4 23. axb4 Ra2 24. Rc2 Rfa8 25. Bd3 Ra1 26. Rcc1 Rxc1 27. Rxc1 Ra3 28. Kf1 Rb3 29. Rb1 Rxb1 30. Bxb1 b5 31. cxb5 Bxd5 32. Ke2 Kf7 33. Ke3 Ke6 34. f4 Bc4 35. Bd3 Kd5 36. Be4+ Ke6 37. Bd3 Bxd3 38. Kxd3 Kf5 39. Ke3 Kg4 40. Nd3 Kxg3 41. fxe5 Nxe5 42. Nf4 Ng4+ 43. Ke4 Nf6+ 44. Ke3 Ne8 45. Ke4 g5 46. Ne6 g4 47. Nxc7 Nxc7 48. b6 Na6 49. b7 Kxg2 50. b5 Nc5+ 51. Kd5 Nxb7 52. b6 Kf2 53. Kc6 g3 54. Kxb7 g2 0-1

[Event "Campeonato de Aragon por Equipos 2025 - "]
[Site "?"]
[Date "2025.03.15"]
[Round "8.23"]
[White "Munoz Valles, Jorge"]
[Black "Mccarthy, Jai"]
[Result "1-0"]
[WhiteElo "2077"]
[BlackElo "1847"]
[PlyCount "99"]
[GameId "2158178779881672"]
[EventDate "2025.01.25"]
[WhiteTeam "El Olivar"]
[BlackTeam "Maristas"]

1. d4 Nf6 2. c4 Nc6 3. Nc3 e5 4. d5 Ne7 5. e4 Ng6 6. Nf3 Bc5 7. Be2 O-O 8. O-O d6 9. Ne1 a5 10. Nd3 Bd4 11. Bf3 Nh4 12. Kh1 Nxf3 13. gxf3 Nh5 14. Rg1 Qh4 15. Bg5 Qh3 16. Nb5 Bb6 17. c5 dxc5 18. Be3 f5 19. Bxc5 Bxc5 20. Nxc5 fxe4 21. Nxc7 Rxf3 22. Nxe4 Qf5 23. Qe2 Rh3 24. Ng5 Nf4 25. Qe4 Qxe4+ 26. Nxe4 Bf5 27. Nf6+ Kf7 28. Nxa8 gxf6 29. Rae1 Nxd5 30. Rg3 Rh4 31. Rb3 Nb4 32. f3 Be6 33. Rc3 Nxa2 34. Rc7+ Kg6 35. Nb6 Nb4 36. Re4 Rh5 37. Rxb7 Nd3 38. Re2 Rh4 39. Rc7 Rb4 40. Rc6 Kf5 41. Nc8 Nf4 42. Nd6+ Kg6 43. Rf2 Bd5 44. Rc3 Rd4 45. h4 Nd3 46. Rg2+ Kh5 47. Nf5 Nf4 48. Nxd4 exd4 49. Rc5 Kxh4 50. Rg4+ 1-0

[Event "Campeonato de Aragon por Equipos 2025 - "]
[Site "?"]
[Date "2025.03.15"]
[Round "8.24"]
[White "Villuendas Valero, Adrian"]
[Black "Lopez Caudevilla, David"]
[Result "1/2-1/2"]
[WhiteElo "2240"]
[BlackElo "2186"]
[PlyCount "63"]
[GameId "2158178779918537"]
[EventDate "2025.01.25"]
[WhiteTeam "Aulazenter"]
[BlackTeam "Actur Rey Fernando"]

1. d4 g6 2. c4 Bg7 3. e4 d6 4. Nc3 Nd7 5. Nf3 e5 6. Be2 Ngf6 7. O-O O-O 8. Kh1 b6 9. d5 a5 10. Qc2 Nc5 11. Ne1 Ne8 12. Be3 f5 13. exf5 Bxf5 14. Qd1 Nf6 15. f3 e4 16. f4 h5 17. Qd2 Qe7 18. Nc2 Rae8 19. Nd4 Ng4 20. Bxg4 Bxg4 21. Nc6 Qd7 22. Bxc5 bxc5 23. Rae1 e3 24. Rxe3 Rxe3 25. Qxe3 Re8 26. Qd2 Qf5 27. a4 h4 28. h3 Bxh3 29. Re1 Bxg2+ 30. Kxg2 Qg4+ 31. Kf1 Qf3+ 32. Kg1 1/2-1/2

[Event "Campeonato de Aragon por Equipos 2025 - "]
[Site "?"]
[Date "2025.03.15"]
[Round "8.25"]
[White "Perez Puyal, Jose Joaquin"]
[Black "Asensio Asensio, Nicolas"]
[Result "0-1"]
[WhiteElo "1901"]
[BlackElo "2178"]
[PlyCount "94"]
[GameId "2158178779959498"]
[EventDate "2025.01.25"]
[WhiteTeam "Actur Rey Fernando"]
[BlackTeam "Aulazenter"]

1. d4 d5 2. Nf3 e6 3. e3 Nf6 4. Bd3 c5 5. c3 Nc6 6. Nbd2 Bd6 7. O-O O-O 8. Qe2 Qc7 9. dxc5 Bxc5 10. e4 h6 11. h3 Nh5 12. Nb3 Ng3 13. Qc2 Bb6 14. Re1 dxe4 15. Bxe4 Nxe4 16. Qxe4 f6 17. Be3 e5 18. Qc4+ Kh8 19. Nh4 Re8 20. Rad1 Bxe3 21. Rxe3 Be6 22. Qe4 Rad8 23. Red3 Rxd3 24. Rxd3 Rd8 25. Nf5 b6 26. g4 Ne7 27. Nxe7 Qxe7 28. Nc1 Bg8 29. Qe3 Bh7 30. Rd2 Rd7 31. Nb3 Bg8 32. Qe2 Qe8 33. Qd1 Rxd2 34. Qxd2 Qg6 35. Nc1 h5 36. f3 e4 37. Kf2 Qh7 38. Kg3 exf3 39. Nd3 Qe4 40. Nf4 h4+ 41. Kf2 g5 42. Nh5 Qe5 43. Kg1 b5 44. b3 a5 45. b4 a4 46. a3 Bd5 47. Nxf6 Qg3+ 0-1

[Event "Campeonato de Aragon por Equipos 2025 - "]
[Site "?"]
[Date "2025.03.15"]
[Round "8.26"]
[White "Miranda Herrera, Jorge Manuel"]
[Black "Aviol Perez, Jose Mariano"]
[Result "1-0"]
[WhiteElo "2101"]
[BlackElo "1884"]
[PlyCount "97"]
[GameId "2158178780000459"]
[EventDate "2025.01.25"]
[WhiteTeam "Aulazenter"]
[BlackTeam "Actur Rey Fernando"]

1. c4 Nf6 2. Nf3 e6 3. d4 d5 4. g3 Be7 5. Bg2 O-O 6. O-O c5 7. cxd5 exd5 8. Nc3 Nc6 9. Bg5 cxd4 10. Nxd4 h6 11. Be3 Re8 12. h3 Bd6 13. Qd2 Qe7 14. Bf4 Nxd4 15. Qxd4 Bc5 16. Qd3 Be6 17. Nb5 Rac8 18. Rac1 Ne4 19. Nd4 Bd7 20. Nb3 Bb6 21. Rxc8 Rxc8 22. Qxd5 Bc6 23. Qe5 Qxe5 24. Bxe5 Re8 25. Bd4 Nd2 26. Bxc6 bxc6 27. Bxb6 Nxf1 28. Bxa7 Rxe2 29. Kxf1 Rxb2 30. Nc1 f5 31. Ke1 Kf7 32. Bd4 Rb4 33. Bc3 Ra4 34. Kd2 Ke6 35. Kc2 Kd5 36. Bxg7 h5 37. Kb3 Re4 38. Nd3 h4 39. Bh6 hxg3 40. fxg3 c5 41. Nf4+ Kd4 42. Kc2 c4 43. Kd2 Re8 44. Ne2+ Ke4 45. Nc3+ Kd4 46. Bf4 Ra8 47. h4 Ra6 48. h5 Rb6 49. Be3+ 1-0

[Event "Campeonato de Aragon por Equipos 2025 - "]
[Site "?"]
[Date "2025.03.15"]
[Round "8.27"]
[White "Garcia Alvarez, Sergio"]
[Black "Iravedra Ainkov, Francisco"]
[Result "0-1"]
[WhiteElo "1879"]
[BlackElo "1963"]
[PlyCount "90"]
[GameId "2158178780053708"]
[EventDate "2025.01.25"]
[WhiteTeam "Actur Rey Fernando"]
[BlackTeam "Aulazenter"]

1. e4 d6 2. d4 Nf6 3. Nc3 Nbd7 4. Nf3 e5 5. Rg1 g6 6. g4 c6 7. g5 Nh5 8. Be3 Be7 9. Qd2 Qc7 10. a3 a5 11. O-O-O O-O 12. d5 f5 13. gxf6 Ndxf6 14. Ng5 Ng4 15. Be2 Nhf6 16. Rg2 Nxe3 17. Qxe3 cxd5 18. Nxd5 Nxd5 19. exd5 Bxg5 20. Rxg5 Qf7 21. Rg2 Qf4 22. Rd3 Bf5 23. Qxf4 exf4 24. Rb3 Rac8 25. Bd3 Bxd3 26. Rxd3 Rc5 27. f3 Rf5 28. Rgd2 g5 29. b3 h5 30. a4 b6 31. c4 Rc8 32. Kd1 Re5 33. Kc2 Kf7 34. Kc3 Kf6 35. b4 g4 36. bxa5 bxa5 37. Rb2 Re1 38. Kd4 g3 39. hxg3 fxg3 40. Re3 Rd1+ 41. Rd3 Rxd3+ 42. Kxd3 Rg8 43. Rg2 h4 44. Rg1 h3 45. Ke3 h2 0-1

[Event "Campeonato de Aragon por Equipos 2025 - "]
[Site "?"]
[Date "2025.03.15"]
[Round "8.28"]
[White "Ciriano Lamban, Alejandro"]
[Black "Llorente Zaro, Alfonso"]
[Result "0-1"]
[WhiteElo "2014"]
[BlackElo "2444"]
[PlyCount "36"]
[GameId "2158178780098765"]
[EventDate "2025.01.25"]
[WhiteTeam "Marcos Frechin B"]
[BlackTeam "Agrupacion"]

1. d4 Nf6 2. Bf4 d6 3. Nc3 Nbd7 4. e4 e5 5. Be3 c6 6. f3 exd4 7. Qxd4 d5 8. Qd2 Bb4 9. O-O-O O-O 10. a3 Ba5 11. b4 Bb6 12. exd5 Nxd5 13. Nxd5 cxd5 14. Bd4 a5 15. Kb2 axb4 16. axb4 Qc7 17. Qc3 Bxd4 18. Rxd4 Ra2+ 0-1

[Event "Campeonato de Aragon por Equipos 2025 - "]
[Site "?"]
[Date "2025.03.15"]
[Round "8.29"]
[White "Remiro Juste, Fernando Jose"]
[Black "Portero Garnica, Miguel Angel"]
[Result "1-0"]
[WhiteElo "2208"]
[BlackElo "2022"]
[PlyCount "119"]
[GameId "2158178780131534"]
[EventDate "2025.01.25"]
[WhiteTeam "Agrupacion"]
[BlackTeam "Marcos Frechin B"]

1. Nf3 d5 2. g3 c5 3. Bg2 Nc6 4. d4 Nf6 5. O-O e6 6. b3 Bd6 7. Bb2 O-O 8. e3 b6 9. Ne5 Bb7 10. c4 Rc8 11. cxd5 exd5 12. Bh3 Rc7 13. Nd2 Re8 14. Nxc6 Bxc6 15. Nf3 Bb5 16. dxc5 Bxc5 17. Be5 Rb7 18. Re1 Bb4 19. Qd4 Bxe1 20. Rxe1 Nh5 21. Qg4 g6 22. Qb4 Bd3 23. Bb2 Be4 24. Ne5 f6 25. Nc6 Qc7 26. Rc1 Qf7 27. Qd4 Bf3 28. Qd2 g5 29. Nd4 Be4 30. Rc6 Ng7 31. f3 Bg6 32. Nb5 f5 33. Nd6 Qe6 34. Qc3 Qxe3+ 35. Qxe3 Rxe3 36. Nxb7 Ne8 37. Kf2 Re7 38. Nd8 Rc7 39. Rxc7 Nxc7 40. Nc6 Ne6 41. Ne7+ Kf7 42. Nxd5 Nc5 43. Ke3 h5 44. Bf1 Ke6 45. Nc7+ Kd7 46. Nb5 a5 47. Bf6 Ne6 48. f4 gxf4+ 49. gxf4 Nc5 50. Bd3 a4 51. b4 Ne6 52. Nd4 Nc7 53. Be5 Nd5+ 54. Kd2 Nxb4 55. a3 Nd5 56. Bc4 Nc7 57. Bxc7 Kxc7 58. Kc3 Kd6 59. h4 Bh7 60. Bf7 1-0

[Event "Campeonato de Aragon por Equipos 2025 - "]
[Site "?"]
[Date "2025.03.15"]
[Round "8.30"]
[White "Prats Fares, Nahuel"]
[Black "Mimbela Lopez, Miguel A."]
[Result "1/2-1/2"]
[WhiteElo "1926"]
[BlackElo "2103"]
[PlyCount "24"]
[GameId "2158178780168399"]
[EventDate "2025.01.25"]
[WhiteTeam "Marcos Frechin B"]
[BlackTeam "Agrupacion"]

1. d4 Nf6 2. Nc3 d5 3. Bf4 e6 4. e3 a6 5. Bd3 c5 6. dxc5 Bxc5 7. Nf3 Nc6 8. e4 Bb4 9. Bd2 d4 10. Ne2 Bxd2+ 11. Qxd2 e5 12. O-O O-O 1/2-1/2

[Event "Campeonato de Aragon por Equipos 2025 - "]
[Site "?"]
[Date "2025.03.15"]
[Round "8.31"]
[White "Carruez Berges, Santiago"]
[Black "Jario Dominguez, Diego"]
[Result "1/2-1/2"]
[WhiteElo "1910"]
[BlackElo "1907"]
[PlyCount "209"]
[GameId "2158178780205264"]
[EventDate "2025.01.25"]
[WhiteTeam "Agrupacion"]
[BlackTeam "Marcos Frechin B"]

1. Nf3 d5 2. g3 c5 3. Bg2 Nc6 4. O-O Nf6 5. d3 g6 6. c3 Bg7 7. Qc2 O-O 8. e4 dxe4 9. dxe4 e6 10. Na3 b6 11. e5 Nd7 12. Re1 Ba6 13. Bf4 h6 14. h4 Qc8 15. Qa4 c4 16. Nd4 Nxd4 17. cxd4 Rb8 18. Nb5 Bxb5 19. Qxb5 a6 20. Qb4 b5 21. Rad1 Nb6 22. d5 Nxd5 23. Bxd5 exd5 24. Rxd5 Rd8 25. Rxd8+ Qxd8 26. e6 Rc8 27. e7 Qd7 28. Qd2 Qe8 29. Bxh6 c3 30. Qc1 Bxh6 31. Qxh6 cxb2 32. Qd2 b1=Q 33. Rxb1 Qxe7 34. Re1 Rd8 35. Qc3 Qd6 36. Re3 Qd1+ 37. Kh2 Qd4 38. Qxd4 Rxd4 39. Ra3 Rd6 40. Kg2 Kf8 41. Kf3 Ke7 42. g4 Kf6 43. Ke4 Ke6 44. f3 Rc6 45. Kf4 Kf6 46. Ke4 Rd6 47. f4 Ke6 48. Ke3 Rc6 49. Rd3 a5 50. a3 Rc5 51. Rb3 Kd6 52. Rd3+ Ke7 53. Rb3 Ke6 54. Ke4 Rc4+ 55. Ke3 b4 56. axb4 axb4 57. Rb1 Kf6 58. Rb2 Rc3+ 59. Kd4 Rh3 60. Rxb4 Rxh4 61. Rb6+ Kg7 62. Ke3 Rxg4 63. Kf3 Rg1 64. Kf2 Ra1 65. Kg3 Ra5 66. Rb7 Kf6 67. Kg4 Ra1 68. Rb6+ Kg7 69. Rb7 Rg1+ 70. Kf3 Rc1 71. Kg4 Rc5 72. Ra7 Rf5 73. Rb7 Rc5 74. Ra7 Rd5 75. Ra6 Kh6 76. Rf6 Rd7 77. Kh4 Re7 78. Kg4 Rc7 79. Kh4 Kg7 80. Ra6 Rc1 81. Kg3 Rc3+ 82. Kh4 Rf3 83. Kg4 Re3 84. Ra7 Kf6 85. Ra6+ Kg7 86. Ra7 Re1 87. Rb7 Rg1+ 88. Kf3 Kf6 89. Rb6+ Kf5 90. Rb5+ Ke6 91. Rb6+ Kf5 92. Rb5+ Kf6 93. Rb6+ Kg7 94. Rb7 g5 95. fxg5 Rxg5 96. Kf4 Ra5 97. Rc7 Kg6 98. Rc1 Ra4+ 99. Ke3 f5 100. Rg1+ Kh5 101. Rh1+ Kg4 102. Rg1+ Kh5 103. Rg8 Kh4 104. Rf8 Kg5 105. Rg8+ 1/2-1/2

[Event "Campeonato de Aragon por Equipos 2025 - "]
[Site "?"]
[Date "2025.03.15"]
[Round "8.32"]
[White "Gracia Suarez, Jesus"]
[Black "Carrasquer Alonso, Fernando"]
[Result "1-0"]
[WhiteElo "2054"]
[BlackElo "1959"]
[PlyCount "49"]
[GameId "2158178780475601"]
[EventDate "2025.01.25"]
[WhiteTeam "San Jose"]
[BlackTeam "Jaque - Aramovil B"]

1. Nc3 d6 2. e4 e5 3. f4 Nd7 4. Nf3 exf4 5. d4 Be7 6. Bxf4 c6 7. Bd3 Nf8 8. O-O Ne6 9. Be3 Nf6 10. Kh1 a6 11. a4 O-O 12. a5 Ng4 13. Bg1 Nf4 14. Bc4 d5 15. Bb3 Bb4 16. Qd2 dxe4 17. Qxf4 exf3 18. Rxf3 Nf6 19. Ne4 Nxe4 20. Bxf7+ Kh8 21. Qxe4 Bxa5 22. Raa3 Bc7 {1-0 White wins.} 23. Qxh7+ Kxh7 24. Rh3+ Bxh3 25. Rxh3+ 1-0